000 00369nam a2200133Ia 4500
008 100328s9999 xx 000 0 und d
082 _b70945
100 _aजावडेकर सुबोध
245 _aआकांत
260 _bमॅजेस्टिक प्रकाशन
630 _aआकांत
730 _aआकांत
942 _cBOOK
999 _c556670
_d556667